Maximizing human intelligence deployment in Asian business : (Record no. 5851)

MARC details
000 -LEADER
fixed length control field 00790nam a22002292 4500
001 - CONTROL NUMBER
control field 0000002431
005 - DATE AND TIME OF LATEST TRANSACTION
control field 20151217151854.0
008 - FIXED-LENGTH DATA ELEMENTS--GENERAL INFORMATION
fixed length control field 070411s xx 000 0 eng d
020 ## - INTERNATIONAL STANDARD BOOK NUMBER
Terms of availability KES 7,000
040 ## - CATALOGING SOURCE
Original cataloging agency KABU
Transcribing agency KABU
050 #0 - LIBRARY OF CONGRESS CALL NUMBER
Classification number HF5549.2
Item number .A75M39 2001
245 10 - TITLE STATEMENT
Title Maximizing human intelligence deployment in Asian business :
Remainder of title the sixth generation project /
Statement of responsibility, etc. edited by John B. Kidd, Xue Li and Frank-Jurgen Ritcher.
260 ## - PUBLICATION, DISTRIBUTION, ETC. (IMPRINT)
Place of publication, distribution, etc. Houndsmills :
Name of publisher, distributor, etc. Palgrave,
Date of publication, distribution, etc. 2001.
300 ## - PHYSICAL DESCRIPTION
Extent xiii, 229 p.
650 #0 - SUBJECT ADDED ENTRY--TOPICAL TERM
Topical term or geographic name as entry element Personnel management
Geographic subdivision Asia.
-- 0000151790
700 1# - ADDED ENTRY--PERSONAL NAME
Personal name Kidd, John B.
-- 0000151791
700 1# - ADDED ENTRY--PERSONAL NAME
Personal name Li, Xue.
-- 0000151792
700 1# - ADDED ENTRY--PERSONAL NAME
Personal name Ritcher, Frank-Jurgen.
-- 0000151793
908 ## - PUT COMMAND PARAMETER (RLIN)
Put command parameter 070411
950 ## - LOCAL HOLDINGS (RLIN)
-- 1
Holdings
Withdrawn status Lost status Source of classification or shelving scheme Not for loan Home library Current library Date acquired Total Checkouts Total Renewals Full call number Barcode Date last seen Date last checked out Price effective from Koha item type
    Library of Congress Classification   Kabarak, Main Campus Kabarak, Main Campus 17/12/2015 2 1 HF5549.2 .A75M39 2001 002672 02/08/2024 11/04/2024 17/12/2015 General Collection
Designed with assistance from East African Informatics Ltd